A Baseball Teams Map Quiz - Statistics

General Stats
  • This quiz has been taken 30 times
    7 since last reset
  • The average score is 20 of 30
Answers on the Map
Answers color-coded by a green-red scale on the quiz's map according to % correct below.
 
Answer Stats
MLB Team % Correct
Chicago White Sox Kannapolis Cannon Ballers
100%
Chicago Cubs Myrtle Beach Pelicans
100%
Atlanta Braves Augusta GreenJackets
67%
Pittsburgh Pirates Bradenton Marauders
67%
Tampa Bay Rays Charleston RiverDogs
67%
Philadelphia Phillies Clearwater Threshers
67%
Kansas City Royals Columbia Fireflies
67%
Cincinnati Reds Daytona Tortugas
67%
Baltimore Orioles Delmarva Shorebirds
67%
Toronto Blue Jays Dunedin Blue Jays
67%
Houston Astros Fayetteville Woodpeckers
67%
Minnesota Twins Fort Myers Mighty Mussels
67%
Washington Nationals Fredericksburg Nationals
67%
Colorado Rockies Fresno Grizzlies
67%
Texas Rangers Hickory Crawdads
67%
Cleveland Guardians Hill City Howlers
67%
Seattle Mariners Inland Empire 66ers
67%
Miami Marlins Jupiter Hammerheads
67%
San Diego Padres Lake Elsinore Storm
67%
Detroit Tigers Lakeland Flying Tigers
67%
Los Angeles Dodgers Ontario Tower Buzzers
67%
St. Louis Cardinals Palm Beach Cardinals
67%
Boston Red Sox Salem RidgeYaks
67%
San Francisco Giants San Jose Giants
67%
New York Mets St. Lucie Mets
67%
Athletics Stockton Ports
67%
New York Yankees Tampa Tarpons
67%
Arizona Diamondbacks Visalia Rawhide
67%
Milwaukee Brewers Wilson Warbirds
67%
Los Angeles Angels Rancho Cucamonga Quakes
33%
No matching quizzes found
Score Distribution
Percent of People with Each Score
Percentile by Number Answered
Your Score History
You have not taken this quiz since the last reset